00720caa a2200181u 4500003000800000005001700008008004100025035001400066040002400080041000800104082002200112100003400134245022400168260003900392300002100431600005100452600003500503BD-RjUL20250729120003.0250728s18101875enk 000 0 eng  a(BD-RjUL) aDLCcCarPdDLCbeng aeng 223a840bKIC 18751 aThynne, Francis,d1545?-1608.00aAnimaduersions vppon the annotacions and correctōns of some imperfectōns of impressōnes of Chaucers workes (sett downe before tyme and nowe) reprinted in the yere of Our Lorde 1598./cSett downe by Francis Thynne. aLondon,c1875.bN. Trubner & co. , a394 p. ;c22 cm.10aChaucer, Geoffrey,d-1400xCriticism, Textual.10aSpeight, Thomas,dactive 1600.